Castellano: tercer curso
Saved in:
| 主要作者: | |
|---|---|
| 其他作者: | |
| 格式: | 圖書 |
| 語言: | 西班牙语 |
| 出版: |
Buenos Aires
Ciordia y Rodríguez
1955
|
| 主題: | |
| 標簽: |
添加標簽
沒有標簽, 成為第一個標記此記錄!
|
MARC
| LEADER | 00000nam a2200000 a 4500 | ||
|---|---|---|---|
| 001 | UCM2400 | ||
| 003 | CL-VaPUC | ||
| 008 | 020510e19550000AG |||||||||||||||||spa|d | ||
| 082 | 0 | 4 | |a 415.0712 |b PAL |2 21 |
| 100 | |a Palisa Mujica de Lacau, María Hortensia |e autora |9 469149 | ||
| 700 | |a Manacorda de Rosetti, Mabel V. |e autora |9 476211 | ||
| 245 | 1 | 0 | |a Castellano: tercer curso |
| 300 | |a 252 p | ||
| 942 | |c BK | ||
| 945 | |d 20020510 00:00:00 |a vberengu | ||
| 260 | |a Buenos Aires |b Ciordia y Rodríguez |c 1955 | ||
| 650 | 0 | |a Gramática |9 270497 | |
| 650 | 0 | |a Lingüística |9 265068 | |
| 650 | 7 | |a ORACION GRAMATICA |2 CL-VaPUC |9 469142 | |
| 650 | 0 | |a Lectura |9 307634 | |
| 650 | 0 | |a Verbos |x Gramática |9 316693 | |
| 651 | 0 | |a Argentina |9 254888 | |
| 583 | |a last modification |c 20020510 00:00:00 |k Rodrigo Vera | ||
| 999 | |c 300249 |d 300247 | ||
| 952 | |0 0 |1 0 |4 0 |6 415_071200000000000_PAL_1955 |7 0 |8 P |9 357788 |a BIBEDU |b BIBEDU |c BIBEDU_PB |d 2019-11-21 |i 3815560 |o 415.0712 PAL 1955 |p 3815560 |r 2024-01-25 |w 2019-11-21 |y BK |k BME | ||